| 000 | 00575nam a22002057a 4500 | ||
|---|---|---|---|
| 003 | NUST-PNEC | ||
| 005 | 20170114142542.0 | ||
| 008 | 140709b xxu||||| |||| 00| 0 eng d | ||
| 020 | _a9789694073637 | ||
| 040 | _cPNEC | ||
| 082 | _a621.380 HAS | ||
| 100 |
_9137 _aHasnain, S.K. |
||
| 245 |
_aDigital signal processing _bTheory & worked examples _cS. K. Hasnain |
||
| 250 | _a2nd ed. | ||
| 260 |
_aKarachi _bRoyal Book Company, Fatima Jinnah Road Karachi _cc.2009 |
||
| 300 |
_aXVI, 527p. : _bill. : _c24 cm. |
||
| 500 | _aIncludes Index | ||
| 650 | _xEL | ||
| 942 |
_2ddc _cBK |
||
| 999 |
_c60160 _d60160 |
||